<?xml version="1.0" encoding="UTF-8"?>
<record
    xmlns:xsi="http://www.w3.org/2001/XMLSchema-instance"
    xsi:schemaLocation="http://www.loc.gov/MARC21/slim http://www.loc.gov/standards/marcxml/schema/MARC21slim.xsd"
    xmlns="http://www.loc.gov/MARC21/slim">

  <leader>01177    a2200217   4500</leader>
  <controlfield tag="005">20260505165910.0</controlfield>
  <controlfield tag="008">260427b        |||||||| |||| 00| 0 eng d</controlfield>
  <datafield tag="037" ind1=" " ind2=" ">
    <subfield code="c">REF</subfield>
  </datafield>
  <datafield tag="040" ind1=" " ind2=" ">
    <subfield code="a">CRL</subfield>
    <subfield code="c">CRL</subfield>
  </datafield>
  <datafield tag="041" ind1=" " ind2=" ">
    <subfield code="2">PER</subfield>
    <subfield code="a">PER</subfield>
  </datafield>
  <datafield tag="084" ind1=" " ind2=" ">
    <subfield code="a">P164:4k N2.1-.6</subfield>
    <subfield code="q">CRL</subfield>
  </datafield>
  <datafield tag="100" ind1=" " ind2=" ">
    <subfield code="a">Mohammad Mueen</subfield>
    <subfield code="9">853152</subfield>
  </datafield>
  <datafield tag="245" ind1=" " ind2=" ">
    <subfield code="a">Farhang Farsi (an intermediate Persian dictionary)</subfield>
  </datafield>
  <datafield tag="260" ind1=" " ind2=" ">
    <subfield code="a">Tehran, Iran:</subfield>
    <subfield code="b">Intasharat-e-Ameer Kabeer,</subfield>
    <subfield code="c">1992.</subfield>
  </datafield>
  <datafield tag="300" ind1=" " ind2=" ">
    <subfield code="a">1472p. (Vol. 1)</subfield>
    <subfield code="a">1473-2774p. (Vol. 2)</subfield>
    <subfield code="a">2775-4240p. (Vol. 3)</subfield>
    <subfield code="a">4241-5277p. (Vol. 4)</subfield>
    <subfield code="a">1229p. (Vol. 5)</subfield>
    <subfield code="a">1230-2351p. (Vol. 6)</subfield>
  </datafield>
  <datafield tag="365" ind1=" " ind2=" ">
    <subfield code="b">6000.00</subfield>
    <subfield code="c">INR</subfield>
  </datafield>
  <datafield tag="440" ind1=" " ind2=" ">
    <subfield code="v">Vol. 1-6</subfield>
  </datafield>
  <datafield tag="650" ind1=" " ind2=" ">
    <subfield code="a">Persian Language-Dictionaries</subfield>
    <subfield code="9">1235316</subfield>
  </datafield>
  <datafield tag="942" ind1=" " ind2=" ">
    <subfield code="c">REF</subfield>
    <subfield code="2">CC</subfield>
    <subfield code="h">P164:4k N2.1-.6</subfield>
  </datafield>
  <datafield tag="999" ind1=" " ind2=" ">
    <subfield code="c">1465549</subfield>
    <subfield code="d">1465549</subfield>
  </datafield>
  <datafield tag="952" ind1=" " ind2=" ">
    <subfield code="0">0</subfield>
    <subfield code="1">0</subfield>
    <subfield code="2">CC</subfield>
    <subfield code="4">0</subfield>
    <subfield code="7">0</subfield>
    <subfield code="a">CRL</subfield>
    <subfield code="b">CRL</subfield>
    <subfield code="d">2025-12-18</subfield>
    <subfield code="e">Nadwi Publications</subfield>
    <subfield code="g">4800.00</subfield>
    <subfield code="h">Vol. 1</subfield>
    <subfield code="i">2011 &amp; 11.12.2025</subfield>
    <subfield code="l">0</subfield>
    <subfield code="o">P164:4k N2.1</subfield>
    <subfield code="p">CL1924942</subfield>
    <subfield code="r">2025-12-18 00:00:00</subfield>
    <subfield code="v">6000.00</subfield>
    <subfield code="w">2025-12-18</subfield>
    <subfield code="y">REF</subfield>
  </datafield>
  <datafield tag="952" ind1=" " ind2=" ">
    <subfield code="0">0</subfield>
    <subfield code="1">0</subfield>
    <subfield code="2">CC</subfield>
    <subfield code="4">0</subfield>
    <subfield code="7">0</subfield>
    <subfield code="a">CRL</subfield>
    <subfield code="b">CRL</subfield>
    <subfield code="d">2025-12-18</subfield>
    <subfield code="e">Nadwi Publications</subfield>
    <subfield code="g">4800.00</subfield>
    <subfield code="h">Vol. 2</subfield>
    <subfield code="i">2011 &amp; 11.12.2025</subfield>
    <subfield code="l">0</subfield>
    <subfield code="o">P164:4k N2.2</subfield>
    <subfield code="p">CL1924943</subfield>
    <subfield code="r">2026-04-27 16:39:18</subfield>
    <subfield code="v">6000.00</subfield>
    <subfield code="w">2025-12-18</subfield>
    <subfield code="y">REF</subfield>
  </datafield>
  <datafield tag="952" ind1=" " ind2=" ">
    <subfield code="0">0</subfield>
    <subfield code="1">0</subfield>
    <subfield code="2">CC</subfield>
    <subfield code="4">0</subfield>
    <subfield code="7">0</subfield>
    <subfield code="a">CRL</subfield>
    <subfield code="b">CRL</subfield>
    <subfield code="d">2025-12-18</subfield>
    <subfield code="e">Nadwi Publications</subfield>
    <subfield code="g">4800.00</subfield>
    <subfield code="h">Vol. 3</subfield>
    <subfield code="i">2011 &amp; 11.12.2025</subfield>
    <subfield code="l">0</subfield>
    <subfield code="o">P164:4k N2.3</subfield>
    <subfield code="p">CL1924944</subfield>
    <subfield code="r">2026-04-27 16:40:02</subfield>
    <subfield code="v">6000.00</subfield>
    <subfield code="w">2025-12-18</subfield>
    <subfield code="y">REF</subfield>
  </datafield>
  <datafield tag="952" ind1=" " ind2=" ">
    <subfield code="0">0</subfield>
    <subfield code="1">0</subfield>
    <subfield code="2">CC</subfield>
    <subfield code="4">0</subfield>
    <subfield code="7">0</subfield>
    <subfield code="a">CRL</subfield>
    <subfield code="b">CRL</subfield>
    <subfield code="d">2025-12-18</subfield>
    <subfield code="e">Nadwi Publications</subfield>
    <subfield code="g">4800.00</subfield>
    <subfield code="h">Vol. 4</subfield>
    <subfield code="i">2011 &amp; 11.12.2025</subfield>
    <subfield code="l">0</subfield>
    <subfield code="o">P164:4k N2.4</subfield>
    <subfield code="p">CL1924945</subfield>
    <subfield code="r">2026-04-27 16:40:00</subfield>
    <subfield code="v">6000.00</subfield>
    <subfield code="w">2025-12-18</subfield>
    <subfield code="y">REF</subfield>
  </datafield>
  <datafield tag="952" ind1=" " ind2=" ">
    <subfield code="0">0</subfield>
    <subfield code="1">0</subfield>
    <subfield code="2">CC</subfield>
    <subfield code="4">0</subfield>
    <subfield code="7">0</subfield>
    <subfield code="a">CRL</subfield>
    <subfield code="b">CRL</subfield>
    <subfield code="d">2025-12-18</subfield>
    <subfield code="e">Nadwi Publications</subfield>
    <subfield code="g">4800.00</subfield>
    <subfield code="h">Vol. 5</subfield>
    <subfield code="i">2011 &amp; 11.12.2025</subfield>
    <subfield code="l">0</subfield>
    <subfield code="o">P164:4k N2.5</subfield>
    <subfield code="p">CL1924946</subfield>
    <subfield code="r">2026-04-27 16:40:00</subfield>
    <subfield code="v">6000.00</subfield>
    <subfield code="w">2025-12-18</subfield>
    <subfield code="y">REF</subfield>
  </datafield>
  <datafield tag="952" ind1=" " ind2=" ">
    <subfield code="0">0</subfield>
    <subfield code="1">0</subfield>
    <subfield code="2">CC</subfield>
    <subfield code="4">0</subfield>
    <subfield code="7">0</subfield>
    <subfield code="a">CRL</subfield>
    <subfield code="b">CRL</subfield>
    <subfield code="d">2025-12-18</subfield>
    <subfield code="e">Nadwi Publications</subfield>
    <subfield code="g">4800.00</subfield>
    <subfield code="h">Vol. 6</subfield>
    <subfield code="i">2011 &amp; 11.12.2025</subfield>
    <subfield code="l">0</subfield>
    <subfield code="o">P164:4k N2.6</subfield>
    <subfield code="p">CL1924947</subfield>
    <subfield code="r">2026-05-05 16:59:55</subfield>
    <subfield code="v">6000.00</subfield>
    <subfield code="w">2025-12-18</subfield>
    <subfield code="y">REF</subfield>
  </datafield>
</record>
